000
00255nam a22001097a 4500
008
131217t xxu||||| |||| 00| 0 eng d
020
_a
0-00-616541-9
100
_a
Agatha Christie
_9
445
245
_a
The Seven Dials Mystery
300
_a
340
942
_2
ddc
_c
BK
999
_c
16716
_d
16716